[Event "25. Schweinfurt Open"]
[Site "Schweinfurt"]
[Date "2015.06.06"]
[Round "5.8"]
[White "Wiener, Horst"]
[Black "Kilian, Markus"]
[Result "1/2-1/2"]
[WhiteElo "1916"]
[BlackElo "1993"]
[PlyCount "73"]
[EventDate "2015.??.??"]

1. e4 g6 2. d4 Bg7 3. Nf3 d6 4. Bc4 Nf6 5. Nc3 O-O 6. Qe2 c6 7. Bg5 Bg4 8. h3
Bxf3 9. Qxf3 Nbd7 10. O-O-O Qa5 11. h4 b5 12. Bb3 c5 13. dxc5 Nxc5 14. Bxf6
Nxb3+ 15. axb3 Bxf6 16. Kd2 Rac8 17. h5 g5 18. Rh3 Rc5 19. Ke2 Rfc8 20. Nd5
Rxc2+ 21. Kf1 Rc1 22. Nxf6+ exf6 23. g4 Qd2 24. Rxc1 Rxc1+ 25. Kg2 Qe1 26. Rh2
Rd1 27. Kg3 Qg1+ 28. Rg2 Qh1 29. Qc3 Qh4+ 30. Kf3 Qh3+ 31. Ke2 Qxc3 32. bxc3
Rb1 33. b4 Kf8 34. Rg3 Rb2+ 35. Ke1 Ke7 36. Rd3 a6 37. f3 1/2-1/2

[Event "25. Schweinfurt Open"]
[Site "Schweinfurt"]
[Date "2015.06.06"]
[Round "5.9"]
[White "Reinl, Fred"]
[Black "Steinerstauch, Bernd"]
[Result "1-0"]
[WhiteElo "1978"]
[BlackElo "1344"]
[PlyCount "57"]
[EventDate "2015.??.??"]

1. e4 d6 2. Bc4 Nc6 3. Nf3 Bg4 4. Bxf7+ Kd7 5. h3 Bxf3 6. Qxf3 Kc8 7. Be6+ Kb8
8. c3 Nf6 9. d4 g6 10. Nd2 Bg7 11. Qe2 d5 12. e5 Rf8 13. exf6 Rxf6 14. Nb3 b6
15. Nc5 Qd6 16. Bg4 Nxd4 17. Na6+ Kb7 18. cxd4 h5 19. Bf3 Re6 20. Be3 Bxd4 21.
O-O Rf8 22. Rad1 Rxf3 23. Qxf3 Bxe3 24. Rxd5 Bxf2+ 25. Rxf2 Re1+ 26. Rf1 Rxf1+
27. Kxf1 Qh2 28. Nb4 a5 29. Rd8+ 1-0

[Event "25. Schweinfurt Open"]
[Site "Schweinfurt"]
[Date "2015.06.06"]
[Round "5.10"]
[White "Gould, Charles"]
[Black "Wohlfahrt, Michael"]
[Result "0-1"]
[WhiteElo "1968"]
[BlackElo "1852"]
[PlyCount "32"]
[EventDate "2015.??.??"]

1. f4 e5 2. fxe5 d6 3. exd6 Bxd6 4. Nf3 Nf6 5. d4 h6 6. Qd3 O-O 7. Nc3 Re8 8.
Bd2 b6 9. O-O-O Ng4 10. Be1 Ne3 11. Bh4 g5 12. Bf2 Ba6 13. Bxe3 Bxd3 14. Rxd3
Rxe3 15. Rxe3 Bf4 16. Kd2 g4 0-1

[Event "25. Schweinfurt Open"]
[Site "Schweinfurt"]
[Date "2015.06.06"]
[Round "5.11"]
[White "Maar, Samuel"]
[Black "Krenz, Dieter"]
[Result "1-0"]
[WhiteElo "1879"]
[BlackElo "1978"]
[PlyCount "33"]
[EventDate "2015.??.??"]

1. e4 Nf6 2. Nc3 d5 3. exd5 Nxd5 4. Bc4 e6 5. Nge2 Be7 6. O-O O-O 7. d3 b6 8.
Nf4 Nxc3 9. bxc3 Bb7 10. Qg4 e5 11. Nh5 g6 12. Bh6 Re8 13. Qe6 Rf8 14. Qxe5 Bf6
15. Nxf6+ Kh8 16. Ne8+ f6 17. Bg7# 1-0

[Event "25. Schweinfurt Open"]
[Site "Schweinfurt"]
[Date "2015.06.06"]
[Round "5.12"]
[White "Sendner, Markus"]
[Black "Bauer, Ron Dominik Steven"]
[Result "1-0"]
[WhiteElo "1919"]
[BlackElo "1733"]
[PlyCount "61"]
[EventDate "2015.??.??"]

1. d4 Nf6 2. c4 g6 3. Nc3 d5 4. cxd5 Nxd5 5. e4 Nxc3 6. bxc3 Bg7 7. Bc4 c5 8.
Ne2 Nc6 9. Be3 cxd4 10. cxd4 b5 11. Bd5 Bb7 12. Rc1 Qd7 13. Bxc6 Bxc6 14. d5
Bb7 15. Bd4 O-O 16. Bxg7 Kxg7 17. Qd4+ Kg8 18. O-O Rfd8 19. Rfd1 a6 20. Rc3
Rac8 21. Rcd3 Qc7 22. Qe3 Qc5 23. Qh6 Qd6 24. Rh3 Qf6 25. Qxh7+ Kf8 26. Nf4 Ke8
27. Rf3 Rc3 28. Ne6 Qxe6 29. Qg8+ Kd7 30. dxe6+ Kxe6 31. Qxd8 1-0